Влияние формы частицы органоводоугольного топлива на условия и характеристики ее зажигания в потоке разогретого воздуха; Химическая физика; Т. 35, № 11

Manylion Llyfryddiaeth
Parent link:Химическая физика.— , 1982-
Т. 35, № 11.— 2016.— [С. 14-25]
Awdur Corfforaethol: Национальный исследовательский Томский политехнический университет (ТПУ) Энергетический институт (ЭНИН) Кафедра автоматизации теплоэнергетических процессов (АТП)
Awduron Eraill: Глушков Д. О. Дмитрий Олегович, Захаревич А. В. Аркадий Владимирович, Стрижак П. А. Павел Александрович, Сыродой С. В. Семен Владимирович
Crynodeb:Заглавие с экрана
Режим доступа: по договору с организацией-держателем ресурса
Iaith:Rwseg
Cyhoeddwyd: 2016
Pynciau:
Mynediad Ar-lein:http://dx.doi.org/10.7868/S0207401X16110042
Fformat: Electronig Pennod Llyfr
KOHA link:https://koha.lib.tpu.ru/cgi-bin/koha/opac-detail.pl?biblionumber=653193

MARC

LEADER 00000naa0a2200000 4500
001 653193
005 20250505134248.0
035 |a (RuTPU)RU\TPU\network\18589 
090 |a 653193 
100 |a 20170215d2016 k||y0rusy50 ca 
101 0 |a rus 
102 |a RU 
135 |a drcn ---uucaa 
181 0 |a i  
182 0 |a b 
200 1 |a Влияние формы частицы органоводоугольного топлива на условия и характеристики ее зажигания в потоке разогретого воздуха  |f Д. О. Глушков [и др.] 
203 |a Текст  |c электронный 
300 |a Заглавие с экрана 
320 |a [Библиогр.: 44 назв.] 
333 |a Режим доступа: по договору с организацией-держателем ресурса 
461 |t Химическая физика  |d 1982- 
463 |t Т. 35, № 11  |v [С. 14-25]  |d 2016 
610 1 |a электронный ресурс 
610 1 |a труды учёных ТПУ 
610 1 |a формы 
610 1 |a частицы 
610 1 |a органоводоугольные топлива 
610 1 |a зажигание 
610 1 |a разогретый воздух 
610 1 |a поток воздуха 
610 1 |a потоки 
701 1 |a Глушков  |b Д. О.  |c специалист в области теплоэнергетики  |c профессор, директор ИШФВП Томского политехнического университета, доктор технических наук  |f 1988-  |g Дмитрий Олегович  |3 (RuTPU)RU\TPU\pers\29001  |9 13722 
701 1 |a Захаревич  |b А. В.  |c специалист в области теплоэнергетики  |c доцент Томского политехнического университета, кандидат физико-математических наук  |f 1980-  |g Аркадий Владимирович  |3 (RuTPU)RU\TPU\pers\25515  |9 11451 
701 1 |a Стрижак  |b П. А.  |c специалист в области теплоэнергетики  |c профессор Томского политехнического университета, доктор физико-математических наук  |f 1985-  |g Павел Александрович  |3 (RuTPU)RU\TPU\pers\25983  |9 11832 
701 1 |a Сыродой  |b С. В.  |c специалист в области теплотехники  |c профессор Томского политехнического университета, доктор технических наук  |f 1988-  |g Семен Владимирович  |3 (RuTPU)RU\TPU\pers\33572  |9 17231 
712 0 2 |a Национальный исследовательский Томский политехнический университет (ТПУ)  |b Энергетический институт (ЭНИН)  |b Кафедра автоматизации теплоэнергетических процессов (АТП)  |3 (RuTPU)RU\TPU\col\18678 
801 2 |a RU  |b 63413507  |c 20170215  |g RCR 
850 |a 63413507 
856 4 |u http://dx.doi.org/10.7868/S0207401X16110042 
942 |c CF